00490nam a22001572 4500001001100000005001700011008004100028020002600069040001500095100002800110245006300138260003300201300001600234650005300250700002900303000000615420151217145830.0070920s xx 000 0 eng d a0852260202 :cKES 665 aKABUcKABU1 aNegi, A, S.@000015754312aA Textbookof physical chemistry /cA. S. Negi, S.C. Anand. aNew Delhi :bNew Age,c1985. axvi, 961 p. 0aChemistry, Physical and theoretical.@00001542431 aAnand, S. C.@0000157544